Detalles MARC
| 000 -CABECERA |
| campo de control de longitud fija |
00885nam a2200253 i 4500 |
| 001 - NÚMERO DE CONTROL |
| campo de control |
000014186 |
| 003 - IDENTIFICADOR DEL NÚMERO DE CONTROL |
| campo de control |
DO-SdBNP |
| 005 - FECHA Y HORA DE LA ÚLTIMA TRANSACCIÓN |
| campo de control |
20231218142719.0 |
| 006 - CÓDIGOS DE INFORMACIÓN DE LONGITUD FIJA--CARACTERÍSTICAS DEL MATERIAL ADICIONAL |
| campo de control de longitud fija |
a||||gr|||| 00| 0 |
| 007 - CAMPO FIJO DE DESCRIPCIÓN FÍSICA--INFORMACIÓN GENERAL |
| campo de control de longitud fija |
ta |
| 008 - DATOS DE LONGITUD FIJA--INFORMACIÓN GENERAL |
| campo de control de longitud fija |
091207s1980 dr a r 000 0 spa d |
| 040 ## - FUENTE DE LA CATALOGACIÓN |
| Centro catalogador/agencia de origen |
DO-SdBNP |
| Lengua de catalogación |
spa |
| Centro/agencia transcriptor |
BNPHU |
| Normas de descripción |
rda |
| 082 #4 - NÚMERO DE LA CLASIFICACIÓN DECIMAL DEWEY |
| Número de documento/Ítem |
E822a |
| Número de edición |
22 |
| 245 00 - MENCIÓN DE TÍTULO |
| Título |
Estrategias energéticas para la República Dominicana : |
| Resto del título |
informe de la evaluación energética nacional. |
| 264 #1 - PRODUCCIÓN, PUBLICACIÓN, DISTRIBUCIÓN, FABRICACIÓN Y COPYRIGHT |
| Producción, publicación, distribución, fabricación y copyright |
Santo Domingo : |
| Nombre del de productor, editor, distribuidor, fabricante |
Comisión Nacional de Política Energética, |
| Fecha de producción, publicación, distribución, fabricación o copyright |
1980. |
| 300 ## - DESCRIPCIÓN FÍSICA |
| Extensión |
109 páginas. : |
| Otras características físicas |
Ilustraciones, fotografías, gráficos, láminas ; |
| Dimensiones |
23 cm. |
| 336 ## - TIPO DE CONTENIDO |
| Fuente |
rdacontent |
| Término de tipo de contenido |
texto |
| Código de tipo de contenido |
txt |
| 337 ## - TIPO DE MEDIO |
| Fuente |
rdamedia |
| Nombre/término del tipo de medio |
sin mediación |
| Código del tipo de medio |
n |
| 338 ## - TIPO DE SOPORTE |
| Fuente |
rdacarrier |
| Nombre/término del tipo de soporte |
volumen |
| Código del tipo de soporte |
nc |
| 500 ## - NOTA GENERAL |
| Nota general |
Incluye índice de tablas. |
| 501 ## - NOTA DE "CON" |
| Nota de “Con” |
Con Erratas advertidas de cuadros y figuras. |
| 590 ## - NOTA LOCAL (RLIN) |
| Nota local |
Inventariado 2023 / MF |
| 942 ## - ELEMENTOS DE PUNTO DE ACCESO ADICIONAL (KOHA) |
| Fuente del sistema de clasificación o colocación |
Dewey Decimal Classification |
| Tipo de ítem Koha |
Libro |